000
00466nam a2200157Ia 4500
008
100122s9999 xx 000 0 und d
082
_b
75262
_a
823.08
100
_a
धारप नारायण
245
_a
महंतांचे प्रस्थान
250
_a
1
260
_c
2008
300
_a
144
630
_a
महंतांचे प्रस्थान
730
_a
महंतांचे प्रस्थान
942
_c
BOOK
999
_c
391339
_d
391336